| 000 | 00449nam a2200145Ia 4500 | ||
|---|---|---|---|
| 008 | 140724s9999 xx 000 0 und d | ||
| 050 |
_aHF 5686 _b.At872 2013 |
||
| 100 | _aAtienza, Patricia. | ||
| 245 |
_aJjangjuk korean porridge restaurant / _cPatricia Atienza. |
||
| 260 |
_aLas PiƱas, Philippines : _bSouthville International School and Colleges, _cc2013. |
||
| 300 |
_a49 p. : _c28 cm. |
||
| 521 | _aTourism | ||
| 942 | _cTH | ||
| 999 |
_c229126 _d229126 |
||